Κτηνοτροφικά φυτά - βοσκές : Γ' τάξη τεχνικού - επαγγελματικού λυκείου τμήμα ζωϊκής παραγωγής

Αποθηκεύτηκε σε:
Λεπτομέρειες βιβλιογραφικής εγγραφής
Κύριος συγγραφέας: Γρηγοράκης, Χρήστος
Άλλοι συγγραφείς: Ποδηματάς, Κωνσταντίνος
Μορφή: Βιβλίο
Γλώσσα:Greek
Δημοσίευση: Αθήνα : Ο.Ε.Δ.Β., 1987
Θέματα:
Ετικέτες: Προσθήκη ετικέτας
Δεν υπάρχουν, Καταχωρήστε ετικέτα πρώτοι!

MARC

LEADER 00000nam a2200000 i 4500
001 1/77457
008 960527s1987 gre d
035 |a 1989  |b 2  |c Δωρεά  |l 10032665 
040 |a GR-MY-UA  |b gre  |e aacr 
041 0 |a gre 
082 0 |a 633.202 
100 1 |a Γρηγοράκης, Χρήστος. 
245 1 0 |a Κτηνοτροφικά φυτά - βοσκές :  |b Γ' τάξη τεχνικού - επαγγελματικού λυκείου τμήμα ζωϊκής παραγωγής /  |c Χρήστος Γρηγοράκης, Κωνσταντίνος Ποδηματάς 
260 |a Αθήνα :   |b Ο.Ε.Δ.Β.,   |c 1987 
300 |a 171 σ. 
650 0 0 |a Forage plants. 
700 1 |a Ποδηματάς, Κωνσταντίνος. 
852 |a INST  |b RHODES  |e 19960527  |h 633.202 ΓΡΗ  |p 005400002036  |q 005400002036  |t BK  |y 0 
852 |a INST  |b RHODES  |e 19960527  |h 633.202 ΓΡΗ  |p 005400002094  |q 005400002094  |t BK  |y 620 
852 |a INST  |b RHODES  |e 19960527  |h 633.202 ΓΡΗ  |p 005400002095  |q 005400002095  |t BK  |y 620 
909 |a Ρ  |b 014355  |c 1989 
909 |a Ρ  |b 014356  |c 1989 
909 |a Ρ  |b 014357  |c 1989